000 01008nam a22002057a 4500
999 _c57364
_d57364
003 Ge_BSU
005 20200603133400.0
008 200603s2008ge xxu||||| |||| 00| 0 geo d
041 _ageo
080 _a630.16 ჯ-26
100 _aჯაფარიძე, თენგიზ.
_98289
245 _aტყის კულტურები :
_b (ტყის ხელოვნური გაშენება) /
_cთენგიზ ჯაფარიძე ; რევაზ ჩაგელიშვილი ; რუსლან რუხაძე ; რედ. გ. ხარაიშვილი .
264 _aთბილისი,
_c 2008.
300 _a296 გვ.
_b სურ. ;
_c20 სმ.
500 _aდანართი: გვ. 275-287.
700 _aჩაგელიშვილი, რევაზ
_98290
700 _aრუხაძე , რუსლან
_98291
700 _aხარაიშვილი, გ
_eრედაქტორი
_98292
942 _2udc
_cBK